Detalles MARC
| 000 -CABECERA |
| campo de control de longitud fija |
01174cam a2200313 a 4500 |
| 001 - NÚMERO DE CONTROL |
| campo de control |
000012108 |
| 005 - FECHA Y HORA DE LA ÚLTIMA TRANSACCIÓN |
| campo de control |
20200929162710.0 |
| 008 - DATOS DE LONGITUD FIJA--INFORMACIÓN GENERAL |
| campo de control de longitud fija |
010103s2000 ho b 001 0bspa |
| 020 ## - NÚMERO INTERNACIONAL ESTÁNDAR DEL LIBRO |
| Número Internacional Estándar del Libro |
9992610077 |
| 040 ## - FUENTE DE LA CATALOGACIÓN |
| Centro catalogador/agencia de origen |
DO-SdBNP |
| Lengua de catalogación |
spa |
| Centro/agencia transcriptor |
DLC |
| Centro/agencia modificador |
BNPHU |
| 082 ## - NÚMERO DE LA CLASIFICACIÓN DECIMAL DEWEY |
| Número de clasificación |
923.2 |
| Número de documento/Ítem |
C828ó |
| 049 ## - FONDOS LOCALES (OCLC) |
| Fondos de biblioteca |
BNGR |
| 100 1# - ENTRADA PRINCIPAL--NOMBRE DE PERSONA |
| Nombre de persona |
Cortés, Carlos R. |
| 9 (RLIN) |
28610 |
| 245 10 - MENCIÓN DE TÍTULO |
| Título |
Obra educativa relevante del Dr. José Ramón Rosa / |
| Mención de responsabilidad, etc. |
Carlos R. Cortés. |
| 246 30 - FORMA VARIANTE DE TÍTULO |
| Título propio/Titulo breve |
Dr. José Ramón Rosa |
| 246 14 - FORMA VARIANTE DE TÍTULO |
| Título propio/Titulo breve |
Obra educativa relevante del Doctor Ramón Rosa |
| 260 ## - PUBLICACIÓN, DISTRIBUCIÓN, ETC. |
| Lugar de publicación, distribución, etc. |
Tegucigalpa, (Honduras) : |
| Nombre del editor, distribuidor, etc. |
Cultura, |
| Fecha de publicación, distribución, etc. |
2000. |
| 300 ## - DESCRIPCIÓN FÍSICA |
| Extensión |
300 p. ; |
| Dimensiones |
21 cm. |
| 490 1# - MENCIÓN DE SERIE |
| Mención de serie |
Arca de Noe |
| 500 ## - NOTA GENERAL |
| Nota general |
"Tema leído ante la Honorable Asemblea General de la Academia Hondureña de la Lengua." |
| 504 ## - NOTA DE BIBLIOGRAFÍA, ETC. |
| Nota de bibliografía, etc. |
Incluye referencias bibliográficas (p. 290-300). |
| 600 14 - PUNTO DE ACCESO ADICIONAL DE MATERIA--NOMBRE DE PERSONA |
| Nombre de persona |
ROSA, RAMÓN, |
| Fechas asociadas al nombre |
1848-1893 |
| 9 (RLIN) |
3508 |
| 600 14 - PUNTO DE ACCESO ADICIONAL DE MATERIA--NOMBRE DE PERSONA |
| Nombre de persona |
ROSA, RAMÓN |
| Fechas asociadas al nombre |
1848-1893 |
| Subdivisión general |
PENSAMIENTO EDUCATIVO |
| 9 (RLIN) |
28611 |
| 650 #4 - PUNTO DE ACCESO ADICIONAL DE MATERIA--TÉRMINO DE MATERIA |
| Término de materia o nombre geográfico como elemento de entrada |
Política educativa |
| Subdivisión geográfica |
Honduras |
| 9 (RLIN) |
28612 |
| 650 #4 - PUNTO DE ACCESO ADICIONAL DE MATERIA--TÉRMINO DE MATERIA |
| Término de materia o nombre geográfico como elemento de entrada |
Educación |
| Subdivisión geográfica |
Honduras |
| 9 (RLIN) |
28613 |
| 710 2# - PUNTO DE ACCESO ADICIONAL--NOMBRE DE ENTIDAD CORPORATIVA |
| Nombre de entidad corporativa o nombre de jurisdicción como elemento de entrada |
Academia Hondureña de la Lengua. |
| Unidad subordinada |
Asemblea General. |
| 9 (RLIN) |
28614 |
| 830 #0 - PUNTO DE ACCESO ADICIONAL DE SERIE-TÍTULO UNIFORME |
| Título uniforme |
Arca de Noe. |
| 9 (RLIN) |
28615 |
| 910 ## - DATOS DE OPCIÓN DEL USUARIO (OCLC) |
| Datos de opción del usuario |
Catalogación por copia / LC |